00360nam a2200157Ia 45000010006000000050017000060080041000230410008000640820021000721000025000932450046001182600009001643000013001736500008001866540008001941460720260306164926.0260306t2004||||xx |||||||||||||| ||spa|| aESP a515.35bK81 V. 1 aKreyszig, ErwineAUT 0aMatemáticas avanzadas para ingeniería c2004 ac25 cm. aGEN aCMA